Wszystkie skiny do AK-47 w CS:GO - Statystyki

Ogólne statystyki
  • Ten quiz został rozwiązany 354 razy
    338 od ostatniego zresetowania
  • Średni wynik to 14 z 38
Statystyki odpowiedzi
Rodzaj (Kolor) Skin % Poprawnych
Czerwony Asiimov
68%
Różowy Redline
64%
Niebieski Safari Mesh
59%
Niebieski Elite Build
58%
Czerwony Fire Serpent
55%
Czerwony Neon Rider
55%
Czerwony Vulcan
53%
Czerwony Bloodsport
51%
Czerwony Neon Revolution
47%
Różowy Red Laminate
47%
Czerwony The Empress
47%
Fioletowy Blue Laminate
46%
Niebieski Black Laminate
44%
Różowy Frontside Misty
44%
Czerwony Jaguar
44%
Czerwony Wild Lotus
44%
Czerwony Fuel Injector
39%
Różowy Cartel
38%
Różowy Case Hardened
38%
Niebieski Uncharted
38%
Fioletowy Slate
37%
Czerwony Legion of Anubis
36%
Czerwony Aquamarine Revenge
31%
Różowy Point Disarray
29%
Czerwony X-Ray
29%
Czerwony Wasteland Rebel
28%
Fioletowy Rat Rod
27%
Różowy Hydroponic
24%
Niebieski Predator
24%
Fioletowy Orbit Mk01
22%
Różowy Phantom Disruptor
21%
Różowy Jet Set
20%
Fioletowy Safety Net
20%
Niebieski Jungle Spray
18%
Fioletowy Emerald Pinstripe
17%
Niebieski Baroque Purple
16%
Fioletowy First Class
15%
Różowy Panthera onca
13%
Nie znaleziono quizów pasujących do podanych kryteriów
Rozkład punktacji
Procent ludzi z każdym wynikiem
Percentyl według liczby udzielonych odpowiedzi
Twoja historia wyników
Nie rozwiązałeś tego quizu od ostatniego zresetowania